साक्षात्कार श्रीमंत शंकरदेव / (Record no. 120570)
[ view plain ]
| 000 -LEADER | |
|---|---|
| fixed length control field | 01137nam a22002777a 4500 |
| 003 - CONTROL NUMBER IDENTIFIER | |
| control field | dpl |
| 005 - DATE AND TIME OF LATEST TRANSACTION | |
| control field | 20180604182054.0 |
| 008 - FIXED-LENGTH DATA ELEMENTS--GENERAL INFORMATION | |
| fixed length control field | 180604b xxu||||| |||| 00| 0 eng d |
| 010 ## - LIBRARY OF CONGRESS CONTROL NUMBER | |
| LC control number | B-076638 |
| 020 ## - INTERNATIONAL STANDARD BOOK NUMBER | |
| Terms of availability | 160.00 |
| 035 ## - SYSTEM CONTROL NUMBER | |
| System control number | B-076638, B-076642 |
| 037 ## - SOURCE OF ACQUISITION | |
| Source of stock number/acquisition | Cen Lib/Ret |
| 040 ## - CATALOGING SOURCE | |
| Original cataloging agency | DPL |
| Language of cataloging | HN |
| Transcribing agency | 0 |
| 082 ## - DEWEY DECIMAL CLASSIFICATION NUMBER | |
| Classification number | 230.3 |
| Item number | दरबा |
| 100 ## - MAIN ENTRY--PERSONAL NAME | |
| Personal name | दरबारी, जेनिस |
| 9 (RLIN) | 91335 |
| 245 ## - TITLE STATEMENT | |
| Title | साक्षात्कार श्रीमंत शंकरदेव / |
| Statement of responsibility, etc | जेनिस दरबारी |
| 246 ## - VARYING FORM OF TITLE | |
| Title proper/short title | Sakshatkar shreemant Shankardev / |
| Remainder of title | by Jenis Darbari |
| 260 ## - PUBLICATION, DISTRIBUTION, ETC. (IMPRINT) | |
| Place of publication, distribution, etc | लन्दन |
| Name of publisher, distributor, etc | पीस ,लव एंड स्प्रितुअल हीलिंग अस्सोसितैओं |
| Date of publication, distribution, etc | 2002 |
| 270 ## - ADDRESS | |
| City | लन्दन |
| Address | 40, देर सिंग्हम रोड |
| Postal code | 1 |
| 300 ## - PHYSICAL DESCRIPTION | |
| Extent | 176पृ. |
| Dimensions | 21सेमी(सजिल्द ) |
| 650 ## - SUBJECT ADDED ENTRY--TOPICAL TERM | |
| Topical term or geographic name as entry element | धर्म |
| General subdivision | |
| Geographic subdivision | |
| 9 (RLIN) | 91336 |
| 650 ## - SUBJECT ADDED ENTRY--TOPICAL TERM | |
| Topical term or geographic name as entry element | गरा मूर सूत्र |
| 9 (RLIN) | 91337 |
| 650 ## - SUBJECT ADDED ENTRY--TOPICAL TERM | |
| Topical term or geographic name as entry element | religion |
| 9 (RLIN) | 91338 |
| 650 ## - SUBJECT ADDED ENTRY--TOPICAL TERM | |
| Topical term or geographic name as entry element | Gra Moore formula |
| 9 (RLIN) | 91339 |
| 942 ## - ADDED ENTRY ELEMENTS (KOHA) | |
| Source of classification or shelving scheme | Dewey Decimal Classification |
| Koha item type | Hindi Books |
| Classification part | 230.3 |
| Call number suffix | दरबा |
| Withdrawn status | Lost status | Damaged status | Not for loan | Home library | Current library | Date acquired | Source of acquisition | Cost, normal purchase price | Total Checkouts | Full call number | Barcode | Date last seen | Copy number | Cost, replacement price | Price effective from | Koha item type | Source of classification or shelving scheme | Collection code | Date checked out |
|---|---|---|---|---|---|---|---|---|---|---|---|---|---|---|---|---|---|---|---|
| Central Library | Central Library | 23/09/2015 | Cen Lib/Ref | 160.00 | 230.3 दरबा | B-076638 | 23/09/2015 | 1 | 160.00 | 23/09/2015 | Hindi Books | ||||||||
| Shahdara Branch | Shahdara Branch | 04/06/2018 | BPPD/PUB | 160.00 | 1 | 230.3 दरबा | B-076642 | 11/06/2018 | 160.00 | 04/06/2018 | Hindi Books | Dewey Decimal Classification | Non-fiction | 04/06/2018 |
